01506nam a2200265 a 4500008004100000020001500041050001600056100002000072245003400092260005100126300002100177350000900198490004800207500004700255650002700302650003200329650001300361995015000374995015100524995015100675999001700826952012700843952013500970952013501105080109s1982 ||||||||||||||||| || u a0135279860 aHD 39.4 Bie aBierman, Harold14aThe lease versus buy decision aEnglewood Cliffs, N.J.bFT Prentice-Hallc1982 axii, 111p. : ill a0.00 aPrentice-Hall foundations of finance series aIncludes index. -Bibliography: p. 107-108. aLease or buy decisions aIndustrial equipment leases 0aBUSINESS aANNEX COLLECTION (Main Library)D0.00e709336FCBU-MAIN LIBRARY (Kitwe)H1I17.05jHD 39.4 BieM1UAVAILABLEy003502ZAnnex Low-Usage Collection  aMAIN LIBRARY OPEN ACCESSD0.00e709335FCBU-MAIN LIBRARY (Kitwe)H3I17.05jHD 39.4 BieM2UAVAILABLEy003503ZMain Library Open Access Collection aMAIN LIBRARY OPEN ACCESSD0.00e709337FCBU-MAIN LIBRARY (Kitwe)H2I17.05jHD 39.4 BieM3UAVAILABLEy003504ZMain Library Open Access Collection c80466d80466 00102lcc4070a001b001cAnnex Low-Usage Collection d2023-06-30l0oHD 39.4 Biep003502r2023-06-30t1w2023-06-30y002 00102lcc4070a001b001cMain Library Open Access Collectiond2023-06-30l0oHD 39.4 Biep003503r2023-06-30t2w2023-06-30y002 00102lcc4070a001b001cMain Library Open Access Collectiond2023-06-30l0oHD 39.4 Biep003504r2023-06-30t3w2023-06-30y002